LEADER 01372nam a2200265 u 4500 001 000000024895 003 CaOOAMICUS 005 20070226111413.0 008 950613s1925 it u000 u fre u 035 $a10634335 040 $aPUL(R)$bita 110 1 $aRussia (1917-, R. S. F. S. R.)$bNarodnyi kommissariat iustitsii.$0(OLS)http://pul/name/20719 245 13$aLa législation soviétique contre la religion /$ctraduction des documents officiels du Commissariat du peuple à la justice (N. K. J. - Ve section) 260 $aRoma :$bPont. Institutum orientalium studiorum,$c1925. 300 $a135 p. ;$c24 cm 490 1 $aOrientalia christiana ;$vV.1, 18 500 $a"Recueil officiel, où le Soviets ont réuni leurs actes législatifs sur le questions religieuses (Moscou, 1923, 100 p.)": p. 1 500 $aCompilato da P. A. Krasikov e P. V. Guidoulianov. 651 4$aRussia$xReligione.$0(OLS)http://pul/subject/755 830 0$aOrientalia christiana ;$vV.1, 18.$0(OLS)http://pul/title/1516 850 $aPUL 852 $aPUL$W1$xSL Religione 1$y3$m25 G 18$j34816$nBK-PRI$b $qStampati$B34816$CPULBib$Z2$F34816 $H $81 941 1 $a8 996 $6245$aLa législation soviétique contre la religion$9(OLS)http://pul/title/34360 996 $6260$aRoma :$bPont. Institutum orientalium studiorum$9(OLS)http://pul/publisher/48478 LEADER 01289nam a2200337 a 4500 001 000000170168 003 CaOOAMICUS 005 20181029105111.0 008 181029s2018 it u000 u ita r 020 $a978-88-10-22183-9* 032 $aLibriCat 040 $aPUL$bita 041 1 $aita$hfre 082 04$a220 100 1 $aNobel, Ludovic.$0(OLS)http://pul/name/109509 240 10$aIntroduction au Nouveau Testament.$lItaliano.$0(OLS)http://pul/title/210881 245 10$aIntroduzione al Nuovo Testamento /$cLudovic Nobel. 260 $aBologna :$bEDB,$c©2018. 300 $a116 p. ;$c21 cm. 490 1 $aBiblica 504 $aBibliografia in nota. 630 04$aBiblia.$pN.T.$xCommenti.$0(OLS)http://pul/subject/32 830 0$aCollana biblica (Edizioni Dehoniane).$0(OLS)http://pul/title/43126 850 $aPUL 852 $aPUL$W1$xSL Religione 3$y85$m220 COLL 6.42$j193113$qDDC 21$B198414$CPULBib$Z2$F198414 $H131483 $81 941 1 $a9 996 $6020$a978-88-10-22183-9*$9(OLS)http://pul/number/165070 996 $6082$a220$9(OLS)http://pul/classification/523 996 $6245$aIntroduzione al Nuovo Testamento$9(OLS)http://pul/title/21942 996 $6260$aBologna :$bEDB$9(OLS)http://pul/publisher/56073